000 00979nam a22003377a 4500
001 BR9800329
003 BR-BrBNA
005 20230928095752.0
007 ta
008 230509b bl.||||| |||| 00| 0 por d
040 _aBR-BrBNA
_bpor
_cBiblioteca Nacional de Agricultura
041 _a(Por)
072 _aE10
090 _ E10 BR9800329
100 1 _aPresser, M.F.
110 1 _aUniversidade Estadual de Campinas, SP (Brasil)
_0Tese (Mestre em Economia)
245 1 _aO desenvolvimento do capitalismo na agricultura do Rio Grande do Sul, 1920-1975
260 3 _aCampinas, SP (Brasil):
_c1978.
300 _a191 p.
500 _a16 tables; 42 ref.
650 _aEconomia Agricola
650 _aAnalise Economica
650 _aDesenvolvimento Economico
650 _aRecurso Economico
650 _aPropriedade Rural
650 _aRebanho
650 _aAgricultura
650 _aRio Grande do Sul
909 _a202309
_bLucia
_c55
_dLucia Elande
942 _cBK
999 _c58559
_d58559